Представление документа в формате RUSMARC

ПолеНазваниеЗначение
  Тип записи a
  Библиографический уровень m
001 Контрольный номер LIBNET\0001473604
005 Дата корректировки 20260424091643.6
010 Индекс ISBN __
a ISBN 978-5-392-41966-1
9 Тираж 3000 экз.
100 Данные общей обработки __
a Данные общей обработки 20260401d2025 c y0rusy0189 ca
101 Язык документа 0_
a Язык текста rus
102 Страна публикации __
a Страна публикации RU
105 Кодированные данные (монография) __
a Кодированные данные (монография) a z 000gy
200 Заглавие и сведения об ответственности 1_
a Заглавие Сказка о попе и о работнике его Балде
e Сведения, относящиеся к заглавию иллюстрированный комментарий
f Первые сведения об ответственности А. С. Пушкин
g Последующие сведения об ответственности рисунки к сказке М. Филипповой
g Последующие сведения об ответственности комментарии Екатерины Хортовой
g Последующие сведения об ответственности иллюстрации к комментарию Анастасии Ростовой
203 Вид содержания и тип средства __
a Вид содержания Текст
b Характеристика содержания визуальный
c Тип средства непосредственный
210 Выходные данные 1_
a Место издания Москва
c Издательство Проспект
d Дата издания 2025
215 Физическое описание __
a Объем 16 с.
c Иллюстрации/тип воспроизводства ил.
d Формат 26 см
225 Серия 1_
a Серия Книга в книге
333 Примечание о целевом назначении __
a Примечание о целевом назначении 6+
606 Тематические рубрики 0_
a Основная рубрика Русская литература
z Хронологическая подрубрика 19 в.
606 Тематические рубрики 0_
a Основная рубрика Сказки (д. л.)
610 Ключевые слова 0_
a Ключевые слова сказки русские детские; сказки русские; сказки русские для детей; русская литература 19 в.
686 Индексы других классификаций __
a Классификационный индекс 84Р1-4
2 Код системы rubbk
686 Индексы других классификаций __
a Классификационный индекс 83.3(2=Рус)5-8
2 Код системы rubbk
700 Автор _1
a Фамилия Пушкин
b Имя (инициалы) А. С.
f Даты 1799-1837
g Полное личное имя Александр Сергеевич
702 Вторичная интеллектуальная ответственность _1
a Фамилия Филиппова
b Имя (инициалы) М. Б.
c Титул (звания) художник-иллюстратор
g Полное личное имя Мария Б.
4 Код отношения 040
702 Вторичная интеллектуальная ответственность _1
a Фамилия Хортова
b Имя (инициалы) Е. А.
g Полное личное имя Екатерина Анатольевна
4 Код отношения 212
702 Вторичная интеллектуальная ответственность _1
a Фамилия Ростова
b Имя (инициалы) А.
g Полное личное имя Анастасия
4 Код отношения 440
801 Источник записи _0
a Страна RU
b Организация Владимирская ОУНБ
c Дата составления 20250514
g Правила каталогизации RCR
801 Источник записи _1
a Страна RU
b Организация Владимирская ОУНБ
c Дата составления 20250514
g Правила каталогизации RCR
801 Источник записи _2
a Страна RU
b Организация Ульяновская ОНБ
c Дата составления 20260401
g Правила каталогизации RCR
900 Электронные ресурсы __
a Имя электронного ресурса проспект20260140
901 Тип документа __
t Тип документа m
909 Создатель записи __
a Создатель записи Егорова Э. А.
b Дата создания записи 20260401
910 Корректоры записи __
a Корректор записи Пряхина
b Дата внесения изменения в запись 20260423